| 000 | 00528nam a2200181Ia 4500 | ||
|---|---|---|---|
| 003 | OSt | ||
| 005 | 20260323140617.0 | ||
| 008 | 250729s2008 xx 000 0 und d | ||
| 040 | _cAL | ||
| 041 | _aKannada | ||
| 082 | _a494.50 VIRV | ||
| 100 |
_aVirabhadrayya C M _9230364 _dವೀರಭದ್ರಯ್ಯ ಸಿಎಂ |
||
| 245 | _a ವ್ಯಾಕರಣ - ಛಂದಸ್ಸು - ಅಲಂಕಾರ | ||
| 260 |
_aMangalore _bKaravali Prakashana _c2008 |
||
| 300 | _a83p | ||
| 650 |
_aKannada _9230365 |
||
| 942 |
_2ddc _cBED |
||
| 999 |
_c238745 _d238745 |
||